| 000 | 01535cas a22003615 4500 | ||
|---|---|---|---|
| 001 | vtls003133662 | ||
| 003 | MY-SjTCS | ||
| 005 | 20200207085321.0 | ||
| 006 | m d |||||| | ||
| 007 | cr anunnnuuuaa | ||
| 008 | 781109c19559999ne qx p 0 a0eng | ||
| 022 |
_a0031-8868 _2z |
||
| 035 | _a(EbpS)ebs675277 | ||
| 039 | 9 |
_a201211141741 _bizani _y200812260842 _zVLOAD |
|
| 050 | 0 | 0 |
_aB1 _b.P59 |
| 245 | 0 | 0 |
_aPhronesis _h[electronic resource]. |
| 260 |
_aLeiden, Netherlands [etc.], _bBrill [etc.] |
||
| 310 |
_a5 issues yearly, _b<2008-> |
||
| 362 | 0 | _av. 1- Nov. 1955- | |
| 500 | _a"A journal for ancient philosophy." | ||
| 500 | _aEditors: Nov. 1955-<58> D.J. Allan, J.B. Skemp. | ||
| 500 | _aAcademic Journal | ||
| 529 | _aTSLHHL | ||
| 530 | _aOnline version of print publication. | ||
| 546 | _aIn English, French, German or Latin. | ||
| 555 | _aVols. 1-2, 1955-57. 1 v. | ||
| 650 | 0 |
_aPhilosophy, Ancient _vPeriodicals. |
|
| 650 | 6 |
_aPhilosophie ancienne _vPériodiques. |
|
| 700 | 1 |
_aAllan, D. J. _q(Donald James) _eed. |
|
| 700 | 1 |
_aSkemp, J. B. _q(Joseph Bright), _eed. |
|
| 773 | 0 |
_tAcademic Source Complete _dIpswich, MA : EBSCO Publishing, 1999- |
|
| 856 | 4 | 0 |
_3Full text available: Mar 1991-. (Due to publisher restrictions, the most recent 12 months are not available.). _zAvailable on EBSCOhost. _uhttps://ezproxy.taylors.edu.my/login?url=https://search.ebscohost.com/direct.asp?db=a9h&jid=C4M |
| 999 | _c115301 | ||